[Event "Campeonato Nacional  Femenino 2011"]
[Site "Ciudad de Holguin. Cuba"]
[Date "2011.02.05"]
[Round "9.8"]
[White "Miranda, Tania"]
[Black "Forgas, Yaniela"]
[Result "1/2-1/2"]
[WhiteElo "2129"]
[BlackElo "2130"]
[PlyCount "82"]
[EventDate "2011.01.29"]
[EventType "swiss"]
[EventRounds "9"]
[EventCountry "CUB"]
[EventCategory "1"]

1. e4 c5 2. Nf3 d6 3. d4 cxd4 4. Nxd4 Nf6 5. Nc3 a6 6. Bc4 e6 7. Bb3 Nbd7 8. f4
Nc5 9. e5 dxe5 10. fxe5 Nxb3 11. axb3 Bc5 12. Be3 Nd5 13. Nxe6 Bxe6 14. Bxc5
Rc8 15. Qd4 Nxc3 16. bxc3 Qd5 17. b4 Rc6 18. O-O-O Qxd4 19. Rxd4 h5 20. Rhd1
Rc8 21. Rd6 Rh6 22. Bf2 h4 23. R1d4 g5 24. c4 Rh5 25. c5 g4 26. Kd2 Kf8 27. Rf4
Ke7 28. c3 Rd8 29. Kd3 Rd7 30. Kd4 b5 31. cxb6 Rxd6+ 32. exd6+ Kxd6 33. c4 Kc6
34. Kd3 Rf5 35. Rxf5 Bxf5+ 36. Ke3 h3 37. Kf4 Be6 38. g3 Bxc4 39. Kxg4 Bf1 40.
Kf4 Kb7 41. Bc5 Bg2 1/2-1/2